| 000 | 00381nam a2200133Ia 4500 | ||
|---|---|---|---|
| 008 | 210430s9999 xx 000 0 und d | ||
| 020 | _a978-969-566-144-4 | ||
| 082 | _a660.11223 K451 C | ||
| 100 |
_aProf. Dr. Ijaz Hussain Khan _954084 |
||
| 245 |
_aCorrosion Technology V-1 / _cProf. Dr. Ijaz Hussain Khan |
||
| 260 |
_aLahore _bAFAQ _c2010 |
||
| 300 | _a476p. | ||
| 942 |
_cBK _2ddc |
||
| 999 |
_c564545 _d564545 |
||